ბათუმის შოთა რუსთაველის სახელმწიფო უნივერსიტეტის ბიბლიოთეკა

ახდენილი ოცნება (ბიბ.ჩანაწერი № 50038)

000 -LEADER
fixed length control field 00728nam a2200205Ia 4500
001 - CONTROL NUMBER
control field 16976
003 - CONTROL NUMBER IDENTIFIER
control field GE_BSU
008 - FIXED-LENGTH DATA ELEMENTS--GENERAL INFORMATION
fixed length control field 181216s||||||||xx |||||||||||||| ||und||
040 ## - CATALOGING SOURCE
Transcribing agency GE_BSU
080 ## - UNIVERSAL DECIMAL CLASSIFICATION NUMBER
Universal Decimal Classification number 908(47+57) + 321(47+57):172
245 ## - TITLE STATEMENT
Title ახდენილი ოცნება
245 ## - TITLE STATEMENT
Statement of responsibility, etc. რედ. ა. არობელიძე
260 ## - PUBLICATION, DISTRIBUTION, ETC.
Place of publication, distribution, etc. თბილისი
260 ## - PUBLICATION, DISTRIBUTION, ETC.
Name of publisher, distributor, etc. საბჭ. აჭარა
260 ## - PUBLICATION, DISTRIBUTION, ETC.
Date of publication, distribution, etc. 1983
300 ## - PHYSICAL DESCRIPTION
Extent 120გვ. ; 16სმ.
653 ## - INDEX TERM--UNCONTROLLED
Uncontrolled term ახდენილი ოცნება
653 ## - INDEX TERM--UNCONTROLLED
Uncontrolled term კომუნისტური მშენებლობა სსრ კავშირში; საბჭოთა პატრიოტიზმი
942 ## - ADDED ENTRY ELEMENTS (KOHA)
Koha item type წიგნი
ეგზემპლარები
Withdrawn status Lost status Damaged status Not for loan Date acquired Barcode Date last seen Price effective from Koha item type
        2018-12-17 21658 2018-12-17 2018-12-17 წიგნი